Schwarzkopf [ how the war was won

Bibliographic Details
Format: Book
Published: s.l. : National Geographic , 19__
Subjects:

MARC

LEADER 00000cam a2200000 7i4500
001 0000002193
002 000002391
005 20021009.0
020 |a 000002391 
090 0 0 |a 355   |b SCH 
245 0 0 |a Schwarzkopf [  |h video recording] :   |b how the war was won 
260 |a s.l. :   |b National Geographic ,   |c 19__ 
300 |a 1 Video recording VHS (70 minutes) :   |b col. 
500 |a Library has 1 copy 
600 1 0 |a Schwarzkopf   |x Biography 
650 0 0 |a Military tactics 
999 |a 00095   |b VIDEO   |c KOLEKSI AUDIO VIDEO   |e PERPUSTAKAAN KOMUNITI PETALING JAYA